000 00320nam a22001337a 4500
008 181205b xxu||||| |||| 00| 0 eng d
020 _a081510460
041 _aeng
080 _a611
100 _a6
101 _aANA
245 _aDiagnostic Operative Hysterocopy A text And Atlas
_cValle.R.E
942 _2udc
_cBK
999 _c52905
_d52905